A lamb among wolves; (Record no. 18010)
[ view plain ]
| 000 -LEADER | |
|---|---|
| fixed length control field | 00632cam a22002171 4500 |
| 001 - CONTROL NUMBER | |
| control field | ca 36000152 |
| 003 - CONTROL NUMBER IDENTIFIER | |
| control field | DLC |
| 005 - DATE AND TIME OF LATEST TRANSACTION | |
| control field | 20260227111140.0 |
| 008 - FIXED-LENGTH DATA ELEMENTS--GENERAL INFORMATION | |
| fixed length control field | 890717s1936 mau 000 0 eng |
| 010 ## - LIBRARY OF CONGRESS CONTROL NUMBER | |
| LC control number | ca 36000152 |
| 035 ## - SYSTEM CONTROL NUMBER | |
| System control number | (OCoLC)20018848 |
| 040 ## - CATALOGING SOURCE | |
| Original cataloging agency | DLC |
| Transcribing agency | RPB |
| Modifying agency | DLC |
| 042 ## - AUTHENTICATION CODE | |
| Authentication code | premarc |
| 050 00 - LIBRARY OF CONGRESS CALL NUMBER | |
| Classification number | PS3539.U82 |
| Item number | L3 1936 |
| 082 ## - DEWEY DECIMAL CLASSIFICATION NUMBER | |
| Classification number | 812.5 |
| 100 1# - MAIN ENTRY--PERSONAL NAME | |
| Personal name | Turner, Anne Archer. |
| 245 12 - TITLE STATEMENT | |
| Title | A lamb among wolves; |
| Remainder of title | entertainment in two acts, |
| Statement of responsibility, etc. | by Anne Archer Turner. |
| 260 ## - PUBLICATION, DISTRIBUTION, ETC. | |
| Place of publication, distribution, etc. | Boston, Mass., |
| -- | Los Angeles, Calif. |
| Name of publisher, distributor, etc. | [Walter H. Baker, Company, |
| Date of publication, distribution, etc. | c1936] |
| 300 ## - PHYSICAL DESCRIPTION | |
| Extent | 23 p. |
| Dimensions | 19 cm. |
| 490 0# - SERIES STATEMENT | |
| Series statement | Bakers̕ specialties |
No items available.